000
00275nam a22001217a 4500
003
SGT
082
_a
330
_b
A07B
100
_a
BAKSHI, RAJNI
245
_a
AN ECONOMICS FOR WELL BEING
260
_b
CENTRE FOR EDUCATION & DOCUMENTATION
_c
2007
300
_a
126
942
_2
ddc
_c
BK
999
_c
31855
_d
31855